书目信息 |
| 题名: |
煤炭企业管理
|
|
| 作者: | 曾旗 , 张占斌 主编 | |
| 分册: | ||
| 出版信息: | 2009.01 |
|
| 页数: | 300页 | |
| 开本: | 28cm | |
| 丛书名: | ||
| 单 册: | ||
| 中图分类: | F407.216 | |
| 科图分类: | ||
| 主题词: | 工业经济--经济理论 | |
| 电子资源: | ||
| ISBN: | 7-5646-0238-4 | |
| 000 | 00588nam0 2200193 450 | |
| 001 | 1538402855 | |
| 005 | 20151113104150.37 | |
| 010 | @a7-5646-0238-4@dCNY29.50 | |
| 100 | @a20151113d2009 km y0chiy0120 ea | |
| 101 | 0 | @achi |
| 200 | 1 | @a煤炭企业管理@Amei tan qi ye guan li@f曾旗,张占斌主编@Fceng qi,zhang zhan bin zhu bian |
| 210 | @d2009.01 | |
| 215 | @a300页@d28cm | |
| 606 | 0 | @a工业经济@x经济理论 |
| 690 | @aF407.216@v4 | |
| 701 | 0 | @a曾旗@Aceng qi@4主编 |
| 701 | 0 | @a张占斌@Azhang zhan bin@4主编 |
| 801 | 0 | @aCN@b大连网信软件有限公司图书馆·11@c20151113 |
| 905 | @aZUCC@dF407.216@eZ028 | |
| 煤炭企业管理/曾旗,张占斌主编.-2009.01 |
| 300页;28cm |
| ISBN 7-5646-0238-4:CNY29.50 |
| ● |
| 相关链接 |
|
|
|
正题名:煤炭企业管理
索取号:F407.216/Z028
 
预约/预借
| 序号 | 登录号 | 条形码 | 馆藏地/架位号 | 状态 | 备注 |
| 1 | 497752 | 204977524 | 城院文库/ [索取号:F407.216/Z028] | 在馆 |